Managing catastrophic loss of sensitive data / (Record no. 5574)

MARC details
000 -LEADER
fixed length control field 00984cam a22003017a 4500
001 - CONTROL NUMBER
control field 15318049
003 - CONTROL NUMBER IDENTIFIER
control field OSt
005 - DATE AND TIME OF LATEST TRANSACTION
control field 20170222184321.0
008 - FIXED-LENGTH DATA ELEMENTS--GENERAL INFORMATION
fixed length control field 080605s2008 mau 000 0 eng
010 ## - LIBRARY OF CONGRESS CONTROL NUMBER
LC control number 2008274036
015 ## - NATIONAL BIBLIOGRAPHY NUMBER
National bibliography number GBA849122
Source bnb
016 7# - NATIONAL BIBLIOGRAPHIC AGENCY CONTROL NUMBER
Record control number 014567983
Source Uk
020 ## - INTERNATIONAL STANDARD BOOK NUMBER
International Standard Book Number 9781597492393 (pbk.)
020 ## - INTERNATIONAL STANDARD BOOK NUMBER
International Standard Book Number 1597492396 (pbk.)
035 ## - SYSTEM CONTROL NUMBER
System control number (OCoLC)ocn180880715
040 ## - CATALOGING SOURCE
Original cataloging agency UKM
Transcribing agency UKM
Modifying agency YDXCP
-- BTCTA
-- BAKER
-- BWX
-- DLC
042 ## - AUTHENTICATION CODE
Authentication code lccopycat
082 ## - DEWEY DECIMAL CLASSIFICATION NUMBER
Classification number 004
Item number PHO 2008
100 1# - MAIN ENTRY--PERSONAL NAME
Personal name Photopoulos, Constantine.
9 (RLIN) 11644
245 10 - TITLE STATEMENT
Title Managing catastrophic loss of sensitive data /
Statement of responsibility, etc. by Constantine Photopoulos.
260 ## - PUBLICATION, DISTRIBUTION, ETC. (IMPRINT)
Place of publication, distribution, etc. Burlington, MA :
Name of publisher, distributor, etc. Syngress Pub.,
Date of publication, distribution, etc. 2008.
300 ## - PHYSICAL DESCRIPTION
Extent xviii, 293 p. ;
Dimensions 24 cm.
650 #0 - SUBJECT ADDED ENTRY--TOPICAL TERM
Topical term or geographic name as entry element Data protection.
9 (RLIN) 11645
650 #0 - SUBJECT ADDED ENTRY--TOPICAL TERM
Topical term or geographic name as entry element Emergency management.
9 (RLIN) 11646
906 ## - LOCAL DATA ELEMENT F, LDF (RLIN)
a 7
b cbc
c copycat
d 2
e ncip
f 20
g y-gencatlg
942 ## - ADDED ENTRY ELEMENTS (KOHA)
Source of classification or shelving scheme Dewey Decimal Classification
Koha item type Open Shelf
Holdings
Withdrawn status Lost status Source of classification or shelving scheme Damaged status Not for loan Home library Current library Date acquired Source of acquisition Inventory number Total Checkouts Full call number Barcode Date last seen Price effective from Koha item type
    Dewey Decimal Classification     MUST Main Library MUST Main Library 22/02/2017   2010/32394   004 PHO 2008 2017-0239 22/02/2017 22/02/2017 Open Shelf